000 00887 a2200205 4500
001 55354
005 20260407155827.0
008 260407a1969 arg spa d
003 AR-UNSa-BCEJYS
040 _aAR-UNSa-BCEJYS
_bspa
_cAR-UNSa-BCEJYS
080 _a330.34
_xDesarrollo Económico
245 1 0 _aTeoría del desarrollo económico en la historia del pensamiento económico
264 1 _aBarcelona :
_bGustavo Gili
_c1969
300 _a275 p.
_c22 cm.
505 _a1. Perspectiva general - 2. Población y rendimientos - 3. Acumulación de capital y demanda efectiva - 4. La educación y el progreso del conocimiento - 5. Organización y política económica - 6. Función del dinero en la teoria del desarrollo económico - 7. La conveniencia del desarrollo económico
041 _aspa
942 _cBK
590 _aniveau_biblio:m niveau_hierar:0
100 1 _aRobbins, Lord
999 _c5916
_d5916